000
00340nam a2200145Ia 4500
008
230718s9999 xx 000 0 und d
041
_a
Eng.
082
_a
347.123
_b
AUL-C
100
_a
Aulakh, Dr. Abdul
245
0
_a
Crime and criminology
260
_a
Pakistan
_b
Fedral Law House
_c
2005
300
_a
515
650
_a
Law
999
_c
29822
_d
29822